00193nam a2200061Ia 4500245004800000100004200048008004100090 0aRichard Scarry's best Christmas book ever!  a SCARRY, Richard New York, [2010] 210818s9999 xx 000 0 und d